000 00731nam a22002297a 4500
001 35394
003 BD-RjUL
005 20211209052319.0
008 140524s1954 ii |||| |||| 001 0 eng d
035 _a(BD-RjUL)35488
040 _aBD-RjUL
_beng
_cBD-RjUL
041 _aeng
082 _220
_a307.141720954
_bNAH 1954
100 1 _anātha Prabhū Paṇḍharī
_9107794
245 _aHindu social organization :
_b a study in socio-psychological and ideological foundations /
_cPaṇḍharīnātha Prabhū
250 _aNew Rev. ed
260 _aBombay :
_bPo[pulation Book Depo,
_c1954.
300 _axvii,393 p. ;
_c21 cm.
504 _aIncludes Index
650 _a India -- Social conditions.
_9107795
942 _2ddc
_cBK
999 _c35394
_d35394